广州市所有街道/镇地图 All subdistricts/towns in Guangzhou map - Statistics

General Stats
  • This quiz has been taken 52 times
    20 since last reset
  • The average score is 76 of 178
Answers on the Map
Answers color-coded by a green-red scale on the quiz's map according to % correct below.
 
Answer Stats
2010人口 街道/镇 类型 % Correct
白云区 192,322 钟落潭镇
86%
南沙区 44,891 万顷沙镇
86%
增城区 391,287 新塘镇
71%
番禺区 168,701 市桥街道 街道
71%
番禺区 129,076 南村镇
71%
白云区 127,795 人和镇
71%
越秀区 74,299 东山街道 街道
71%
越秀区 46,768 白云街道 街道
71%
黄埔区 45,717 萝岗街道 街道
71%
天河区 41,207 新塘街道 街道
71%
海珠区 29,851 琶洲街道 街道
71%
白云区 新设 龙归街道 街道
64%
白云区 208,589 太和镇
64%
天河区 177,864 棠下街道 街道
64%
南沙区 147,228 东涌镇
64%
天河区 131,795 五山街道 街道
64%
南沙区 112,151 南沙街道 街道
64%
白云区 105,310 同德街道 街道
64%
从化区 94,369 太平镇
64%
白云区 87,696 嘉禾街道 街道
64%
天河区 81,831 员村街道 街道
64%
天河区 70,055 龙洞街道 街道
64%
越秀区 53,135 北京街道 街道
64%
增城区 43,557 朱村街道 街道
64%
南沙区 28,575 珠江街道 街道
64%
荔湾区 3,397 沙面街道 街道
64%
南沙区 新设 龙穴街道 街道
57%
花都区 新设 花城街道 街道
57%
白云区 209,022 石井街道 街道
57%
白云区 161,343 江高镇
57%
白云区 152,292 新市街道 街道
57%
番禺区 116,107 大石街道 街道
57%
海珠区 114,978 赤岗街道 街道
57%
番禺区 104,598 钟村街道 街道
57%
天河区 102,787 车陂街道 街道
57%
白云区 100,149 三元里街道 街道
57%
番禺区 88,695 沙湾街道 街道
57%
海珠区 84,726 南洲街道 街道
57%
南沙区 73,078 榄核镇
57%
天河区 59,732 林和街道 街道
57%
增城区 58,337 派潭镇
57%
花都区 56,609 赤坭镇
57%
花都区 55,797 炭步镇
57%
从化区 55,194 温泉镇
57%
天河区 51,284 冼村街道 街道
57%
南沙区 43,791 黄阁镇
57%
从化区 32,829 良口镇
57%
天河区 22,522 猎德街道 街道
57%
增城区 新设 仙村镇
50%
花都区 401,831 新华街道 街道
50%
增城区 191,777 荔城街道 街道
50%
天河区 177,198 石牌街道 街道
50%
番禺区 137,289 石碁镇
50%
番禺区 131,470 小谷围街道 街道
50%
从化区 111,308 鳌头镇
50%
海珠区 97,986 昌岗街道 街道
50%
从化区 96,846 街口街道 街道
50%
黄埔区 93,265 新龙镇
50%
白云区 91,970 京溪街道 街道
50%
白云区 89,362 同和街道 街道
50%
番禺区 89,294 洛浦街道 街道
50%
越秀区 83,996 六榕街道 街道
50%
增城区 78,293 中新镇
50%
海珠区 67,322 沙园街道 街道
50%
黄埔区 64,255 黄埔街道 街道
50%
黄埔区 59,529 鱼珠街道 街道
50%
番禺区 53,142 化龙镇
50%
荔湾区 45,069 西村街道 街道
50%
黄埔区 44,528 夏港街道 街道
50%
天河区 42,814 沙河街道 街道
50%
增城区 40,387 正果镇
50%
增城区 33,725 小楼镇
50%
南沙区 30,492 横沥镇
50%
番禺区 27,248 新造镇
50%
从化区 23,430 吕田镇
50%
越秀区 17,253 流花街道 街道
50%
花都区 9,516 梯面镇
50%
黄埔区 新设 九佛街道 街道
43%
白云区 新设 白云湖街道 街道
43%
白云区 新设 大源街道 街道
43%
花都区 203,254 狮岭镇
43%
南沙区 125,011 大岗镇
43%
白云区 124,000 永平街道 街道
43%
增城区 121,674 石滩镇
43%
花都区 118,736 花东镇
43%
越秀区 99,569 黄花岗街道 街道
43%
花都区 99,262 花山镇
43%
从化区 95,843 江埔街道 街道
43%
番禺区 90,381 石楼镇
43%
越秀区 90,036 矿泉街道 街道
43%
白云区 82,226 景泰街道 街道
43%
番禺区 72,695 桥南街道 街道
43%
越秀区 69,274 人民街道 街道
43%
荔湾区 54,348 彩虹街道 街道
43%
白云区 52,657 金沙街道 街道
43%
黄埔区 46,877 文冲街道 街道
43%
越秀区 46,124 大塘街道 街道
43%
黄埔区 44,641 大沙街道 街道
43%
越秀区 42,258 洪桥街道 街道
43%
荔湾区 39,635 花地街道 街道
43%
黄埔区 36,478 长洲街道 街道
43%
番禺区 32,989 石壁街道 街道
43%
天河区 29,501 黄村街道 街道
43%
荔湾区 29,013 东沙街道 街道
43%
天河区 19,534 凤凰街道 街道
43%
黄埔区 新设 龙湖街道 街道
36%
花都区 新设 秀全街道 街道
36%
白云区 新设 鹤龙街道 街道
36%
番禺区 129,515 大龙街道 街道
36%
白云区 117,339 黄石街道 街道
36%
海珠区 115,157 江海街道 街道
36%
海珠区 111,897 新港街道 街道
36%
越秀区 92,218 登峰街道 街道
36%
黄埔区 76,747 南岗街道 街道
36%
越秀区 68,128 光塔街道 街道
36%
海珠区 67,103 素社街道 街道
36%
海珠区 62,884 海幢街道 街道
36%
荔湾区 59,337 逢源街道 街道
36%
海珠区 57,869 官洲街道 街道
36%
黄埔区 55,044 永和街道 街道
36%
天河区 54,769 天园街道 街道
36%
黄埔区 49,867 联和街道 街道
36%
荔湾区 46,309 华林街道 街道
36%
天河区 30,610 元岗街道 街道
36%
白云区 新设 石门街道 街道
29%
南沙区 新设 港湾街道 街道
29%
黄埔区 127,486 云埔街道 街道
29%
海珠区 123,043 南石头街道 街道
29%
海珠区 102,561 龙凤街道 街道
29%
越秀区 83,491 大东街道 街道
29%
从化区 79,085 城郊街道 街道
29%
增城区 78,072 增江街道 街道
29%
荔湾区 70,066 南源街道 街道
29%
天河区 62,912 天河南街道 街道
29%
荔湾区 57,192 石围塘街道 街道
29%
越秀区 56,329 珠光街道 街道
29%
荔湾区 54,670 金花街道 街道
29%
番禺区 52,965 东环街道 街道
29%
越秀区 50,152 农林街道 街道
29%
海珠区 49,742 华洲街道 街道
29%
荔湾区 48,238 白鹤洞街道 街道
29%
荔湾区 48,097 冲口街道 街道
29%
荔湾区 43,518 龙津街道 街道
29%
海珠区 37,960 南华西街道 街道
29%
荔湾区 35,889 东漖街道 街道
29%
荔湾区 32,581 多宝街道 街道
29%
荔湾区 31,643 桥中街道 街道
29%
增城区 新设 荔湖街道 街道
21%
增城区 新设 宁西街道 街道
21%
增城区 新设 永宁街道 街道
21%
黄埔区 新设 长岭街道 街道
21%
白云区 新设 云城街道 街道
21%
海珠区 162,641 凤阳街道 街道
21%
海珠区 125,399 瑞宝街道 街道
21%
白云区 124,909 均禾街道 街道
21%
白云区 106,274 松洲街道 街道
21%
白云区 89,895 棠景街道 街道
21%
海珠区 75,220 江南中街道 街道
21%
海珠区 72,324 滨江街道 街道
21%
天河区 68,139 兴华街道 街道
21%
天河区 66,098 长兴街道 街道
21%
天河区 59,700 前进街道 街道
21%
荔湾区 54,918 茶滘街道 街道
21%
天河区 52,552 珠吉街道 街道
21%
越秀区 52,110 建设街道 街道
21%
黄埔区 45,025 穗东街道 街道
21%
荔湾区 32,778 昌华街道 街道
21%
荔湾区 31,801 海龙街道 街道
21%
荔湾区 27,560 岭南街道 街道
21%
荔湾区 27,431 站前街道 街道
21%
荔湾区 24,710 中南街道 街道
21%
花都区 新设 新雅街道 街道
14%
越秀区 85,400 梅花村街道 街道
14%
越秀区 47,126 华乐街道 街道
14%
黄埔区 42,127 红山街道 街道
14%
番禺区 35,201 沙头街道 街道
14%
天河区 29,522 沙东街道 街道
14%
番禺区 97,434 石基镇
0%
No matching quizzes found
Score Distribution
Percent of People with Each Score
Percentile by Number Answered
Your Score History
You have not taken this quiz since the last reset